MARC details
| 000 -CABECERA |
| campo de control de longitud fija |
01256cam a2200241 a 4500 |
| 001 - NÚMERO DE CONTROL |
| campo de control |
000015428 |
| 005 - FECHA Y HORA DE LA ÚLTIMA TRANSACCIÓN |
| campo de control |
20200929164035.0 |
| 008 - DATOS DE LONGITUD FIJA--INFORMACIÓN GENERAL |
| campo de control de longitud fija |
931118s1989 cu b 000 0 spa d |
| 040 ## - FUENTE DE LA CATALOGACIÓN |
| Centro catalogador/agencia de origen |
DO-SdBNP |
| Lengua de catalogación |
spa |
| Centro/agencia transcriptor |
DLC |
| Centro/agencia modificador |
BNPHU |
| -- |
DLC |
| 082 ## - NÚMERO DE LA CLASIFICACIÓN DECIMAL DEWEY |
| Número de clasificación |
972.91 |
| Número de documento/Ítem |
D869n |
| 049 ## - FONDOS LOCALES (OCLC) |
| Fondos de biblioteca |
BNGR |
| 100 1# - ENTRADA PRINCIPAL--NOMBRE DE PERSONA |
| Nombre de persona |
Duharte Jiménez, Rafael, |
| Fechas asociadas al nombre |
1947- |
| 9 (RLIN) |
34820 |
| 245 10 - MENCIÓN DE TÍTULO |
| Título |
Nacionalidad e historia / |
| Mención de responsabilidad, etc. |
Rafael Duharte Jiménez ; edición Nancy Vázquez Vera ; prólogo Pedro Deschamps Chapeaux. |
| 260 ## - PUBLICACIÓN, DISTRIBUCIÓN, ETC. |
| Lugar de publicación, distribución, etc. |
Santiago de Cuba : |
| Nombre del editor, distribuidor, etc. |
Editorial Oriente, |
| Fecha de publicación, distribución, etc. |
1989. |
| 300 ## - DESCRIPCIÓN FÍSICA |
| Extensión |
119 p. ; |
| Dimensiones |
21 cm. |
| 504 ## - NOTA DE BIBLIOGRAFÍA, ETC. |
| Nota de bibliografía, etc. |
Incluye referencias bibliográficas (p. 115-119). |
| 505 0# - NOTA DE CONTENIDO CON FORMATO |
| Nota de contenido con formato |
Nacionalidad e historia -- Cuba bajo la sombra de la cruz -- Santiago visto por un pintor inglés del siglo XIX -- Rebeldía negra e independencia -- Carnaval y plantación -- Una aproximación al periódico santiaguero -- La bandera española -- El ascenso social del negro en el siglo XIX cubano -- La rebeldía esclava en la región oriental de Cuba (1533-1868). |
| 650 #4 - PUNTO DE ACCESO ADICIONAL DE MATERIA--TÉRMINO DE MATERIA |
| Término de materia o nombre geográfico como elemento de entrada |
Santiago de cuba (cuba) |
| Subdivisión general |
Historia |
| 9 (RLIN) |
34821 |
| 650 #4 - PUNTO DE ACCESO ADICIONAL DE MATERIA--TÉRMINO DE MATERIA |
| Término de materia o nombre geográfico como elemento de entrada |
Negros |
| Subdivisión geográfica |
Cuba |
| Subdivisión general |
Historia |
| Subdivisión cronológica |
SIGLO XIX |
| 9 (RLIN) |
34822 |
| 700 1# - PUNTO DE ACCESO ADICIONAL--NOMBRE DE PERSONA |
| Nombre de persona |
Vázquez Vera, Nancy |
| Término indicativo de función/relación |
ed. |
| 9 (RLIN) |
34823 |
| 700 1# - PUNTO DE ACCESO ADICIONAL--NOMBRE DE PERSONA |
| Nombre de persona |
Deschamps Chapeaux, Pedro |
| Término indicativo de función/relación |
pról. |
| 9 (RLIN) |
34824 |
| 910 ## - DATOS DE OPCIÓN DEL USUARIO (OCLC) |
| Datos de opción del usuario |
Catalogación por copia / LC |